[Event "12th Arad Open 2019"]
[Site "Arad"]
[Date "2019.07.25"]
[Round "3.6"]
[White "Dicu, Razvan-Stefan"]
[Black "Schitco, Ivan"]
[Result "0-1"]
[WhiteElo "2286"]
[BlackElo "2462"]
[Annotator "TA"]
[PlyCount "108"]
[EventDate "2019.07.24"]
[EventType "swiss"]
[EventCountry "ROU"]
[SourceTitle "playchess.com"]
[Source "ChessBase"]
[SourceQuality "1"]

{[%evp 14,108,16,14,10,0,0,-3,-3,-14,0,-18,0,0,12,8,24,6,4,4,0,-40,-1,-5,-6,0,0,0,0,-30,-20,-41,-39,-111,-114,-376,-111,-114,-105,-116,-70,-63,-16,-32,-23,-69,-43,-68,-37,-38,-12,-23,-7,-7,-2,-6,-15,-16,-1,0,33,0,0,0,4,0,0,-27,-29,-25,-25,-25,-27,-30,-24,-388,-388,-388,-383,-374,-379,-372,-367,-354,-353,-385,-385,-443,-443,-443,-443,-441,-435,-431,-421,-685,-675]} 1. e4 e5 2. Nf3 Nc6 3. Bb5 a6 4. Ba4 Nf6 5. Bxc6 dxc6 6. d3 Nd7 7. Nbd2 Bc5 8. O-O O-O {C77: Ruy Lopez: 3...a6 4 Ba4 Nf6, unusual lines} 9. Nc4 Re8 10. Kh1 b5 $146 {The position is equal.} ({Predecessor:} 10... Bf8 11. Bd2 c5 12. b3 b6 13. Bc3 Bd6 14. a4 Bb7 15. Nfd2 Nf8 16. Qg4 {1-0 (39) Dominguez Perez,L (2720)-Adhiban,B (2671) Monzon 2016}) 11. Ne3 Nf8 12. c3 Bb6 13. Qc2 Qe7 14. a4 Rb8 15. b3 Ng6 16. axb5 axb5 17. Ba3 Qf6 (17... c5 {with more complications.} 18. Rfd1 Bb7 19. Nf5 Qd7 20. Bc1 c4) 18. d4 exd4 19. cxd4 Bxd4 20. Nxd4 Qxd4 21. Qxc6 Bb7 22. Qxc7 Qxe4 23. Bb2 (23. Bc5 $15) 23... Nf4 $1 $17 {[%cal Rf4g2]} 24. Qc3 $2 {[%mdl 8192]} (24. Rae1 $17 {keeps fighting.}) 24... f6 $2 (24... Qg6 $1 $19 {[%cal Rb7g2]} 25. Qxg7+ Qxg7 26. Bxg7 Kxg7) 25. Qd4 Nd3 26. Qxe4 Rxe4 (26... Bxe4 {looks sharper.} 27. Bc3 b4 28. Bd4 Red8 29. Ba7 Rbc8) 27. Bc1 Rc8 28. Bd2 Rd8 29. f3 Re5 30. Ra7 Nc5 (30... Rd7 $5 {[%cal Rd3c5]} 31. b4 Re8 $17) 31. Bb4 Rd7 32. Ng4 Rg5 33. h4 Rh5 34. Bxc5 Rxc5 35. Kh2 Rc3 36. Nf2 f5 ({Don't play} 36... Rxb3 $6 37. Ne4 $16) 37. Re1 (37. Rd1 $5 {[%cal Rd1d7]} Rcc7 38. Kg3 $11) 37... Rxb3 38. Nh3 {And now Ng5 would win.} h6 39. Re5 b4 (39... Rb2 {feels hotter.} 40. Kg3 Bc6 41. Ra6 Rd5 42. Re7 Rd6) 40. h5 Ra3 41. Rxa3 $1 bxa3 $11 {[%mdl 4096] Endgame KRB-KRN} 42. Ra5 Rd3 43. Nf4 Rb3 44. Rxf5 $2 {[%mdl 8192] [#]} (44. Kg3 $11 {and White stays safe.}) 44... Rb6 $1 $19 45. Ng6 {[#] Threatening mate with Rf8+.} Rf6 $1 {[%cal Rf6f5]} 46. Re5 {Black must now prevent Re8+.} Ra6 {...a2 is the strong threat.} 47. Re1 a2 48. Ra1 Ra5 49. Nf4 Ba6 50. Ne6 Bc4 {Black is clearly winning.} 51. Nd4 Rxh5+ 52. Kg3 Rd5 53. Nc2 Rd2 54. Ne3 (54. Nb4 $142) 54... Bb3 {Accuracy: White = 48%, Black = 50%.} 0-1

[Event "12th Arad Open 2019"]
[Site "Arad"]
[Date "2019.07.25"]
[Round "3.7"]
[White "Gorodetzky, David"]
[Black "Pop, Alexandru"]
[Result "1-0"]
[WhiteElo "2461"]
[BlackElo "2276"]
[Annotator "TA"]
[PlyCount "87"]
[EventDate "2019.07.24"]
[EventType "swiss"]
[EventCountry "ROU"]
[SourceTitle "playchess.com"]
[Source "ChessBase"]
[SourceQuality "1"]

{[%evp 9,87,-5,0,0,0,0,0,0,0,-11,38,57,158,98,130,117,225,234,229,218,319,327,328,329,379,360,374,375,372,359,367,361,360,365,409,381,385,385,379,379,388,379,379,371,375,362,459,459,405,401,459,459,540,547,531,524,1757,1750,5406,684,675,663,760,760,1308,1158,1267,1264,1190,1204,1175,1162,1001,917,1155,1134,2053,2265,29966,5097]} 1. Nf3 d5 2. d4 Nf6 3. Bf4 c5 4. e3 Nc6 5. Nbd2 (5. c3 e6 6. Nbd2 cxd4 7. exd4 Nh5 8. Bg5 f6 9. Be3 Bd6 10. g3 O-O 11. Nh4 g6 12. Be2 Ng7 13. O-O e5 14. dxe5 fxe5 {½-½ (59) Aronian,L (2767)-Nakamura,H (2777) chess.com INT 2018}) 5... Qb6 {[%cal Rc5d4]} 6. dxc5 {D02: 1 d4 d5 2 Nf3 sidelines, including 2...Nf6 3 g3 and 2...Nf6 3 Bf4} Qxb2 7. Rb1 Qc3 8. Bb5 {The position is equal.} e6 9. O-O Qxc5 10. c4 {Ne5 is the strong threat.} Bd7 ({Black should try} 10... Be7 $14) 11. Ba4 $36 {[%mdl 2048] White has strong initiative.} (11. cxd5 $142 Nxd5 12. Ne4) 11... b6 12. Rc1 $146 {aiming for cxd5.} ({Predecessor:} 12. Qe2 Be7 13. cxd5 Nxd5 {0-1 (55) Guichard,P (2285)-Osmak,I (2339) Heraklio 2017}) 12... Rc8 (12... d4 $16) 13. cxd5 $18 Qxd5 {[#]} 14. Ne5 $1 {[%mdl 576] And now e4! would win. Pin} Bb4 (14... Bc5 $142) (14... Nxe5 15. Rxc8+) 15. Nxd7 {[%mdl 64] Overworked Piece} Qxd7 16. Nf3 {Threatens to win with Bxc6.} Qb7 17. Bxc6+ Rxc6 18. Qa4 $1 {[%csl LRb4,LRc6][%mdl 64] Double Attack} Bc5 {[#]} 19. Rxc5 $1 {[%mdl 512]} bxc5 20. Ne5 {[%mdl 64] Pin} O-O {White must now prevent ...Rb6.} 21. Qxc6 ({Resist} 21. Nxc6 Rc8 $18) 21... Qb2 22. Nd7 Nxd7 23. Qxd7 Qxa2 24. Bd6 Qd5 25. Qc7 Ra8 26. Bxc5 a5 27. Bd4 a4 {[#]} 28. Qg3 $1 {[%csl Gd4][%cal Rg3g7]} g6 29. Ra1 Qf5 30. h3 f6 {[#]} 31. e4 $1 {[%mdl 64] Deflection} Qxe4 32. Bxf6 {Threatening mate with Qc7.} Qb7 33. Bc3 Qb8 34. Qxb8+ (34. Qg5 $142 e5 35. Qf6) 34... Rxb8 35. Rxa4 {[%mdl 4096] Endgame KRB-KR} Rc8 36. Be5 Rc5 37. f4 h6 38. Ra8+ Kf7 39. Ra7+ Ke8 40. Rh7 g5 41. Rxh6 gxf4 42. Rxe6+ Kf7 43. Rf6+ {[%mdl 64] Double Attack} Kg7 44. Bd4 {Accuracy: White = 89%, Black = 38%.} 1-0

[Event "12th Arad Open 2019"]
[Site "Arad"]
[Date "2019.07.25"]
[Round "3.8"]
[White "Talu, Mircea"]
[Black "Song, Raymond"]
[Result "1/2-1/2"]
[WhiteElo "2278"]
[BlackElo "2456"]
[Annotator "TA"]
[PlyCount "94"]
[EventDate "2019.07.24"]
[EventType "swiss"]
[EventCountry "ROU"]
[SourceTitle "playchess.com"]
[Source "ChessBase"]
[SourceQuality "1"]

{[%evp 21,94,47,45,0,0,0,23,31,24,18,61,16,19,19,18,21,33,19,17,17,13,12,15,12,18,20,60,50,125,111,117,114,115,106,122,118,118,118,118,117,126,132,148,145,160,146,151,13,8,8,8,8,44,38,59,8,8,8,23,8,8,8,8,8,8,0,0,0,0,0,0,0,0,0,0]} 1. d4 d6 2. Nf3 Nf6 3. g3 g6 4. Bg2 Bg7 5. c4 O-O 6. O-O Nbd7 7. Nc3 e5 8. e4 exd4 9. Nxd4 Re8 10. Re1 Ng4 11. h3 Nge5 12. Bf1 {E68: King's Indian: Fianchetto: 6...Nbd7 7 0-0 e5 8 e4} (12. b3 Nc5 13. Be3 c6 14. Qc2 Ned3 15. Red1 Nb4 16. Qe2 a5 17. a3 Nba6 18. Qc2 Qe7 19. Rab1 f5 20. b4 axb4 21. axb4 Nxe4 22. Nxe4 fxe4 {½-½ (40) Lenic,L (2624)-Naiditsch,A (2657) Bled 2016}) 12... Nc5 13. Be3 Bd7 14. f4 {White has an edge.} Nc6 15. Bg2 a5 $146 ({Predecessor:} 15... Ne6 16. Nde2 a5 17. Qd2 a4 18. Rac1 Na5 19. Nd5 b5 {½-½ (19) Milosavljevic,M (2182)-Simonovic,A (2414) Golubac 2003}) 16. Nxc6 Bxc6 17. Bd4 Bxd4+ 18. Qxd4 Qe7 19. e5 dxe5 20. Rxe5 Ne6 21. Qf2 Bxg2 22. Kxg2 {And now f5 would win.} f6 23. Re2 Qc5 24. Nd5 $1 {[%cal Rd5f6]} Qxf2+ (24... Kf7 $14) 25. Kxf2 $16 Kf7 {[#]} 26. Rxe6 $1 {[%mdl 576] Remove Defender, Decoy} Rxe6 27. Nxc7 {[%mdl 64] Double Attack} Rd8 {Hoping for ...Rc6.} 28. Nxe6 Kxe6 {[%mdl 4096] Endgame KR-KR} 29. Re1+ Kf7 30. Ke2 Ke6 31. Kf3+ Kf7 32. Re3 a4 33. Ke2 Rd4 34. Rd3 (34. b3 $16) 34... Rxc4 $11 35. Rd7+ Ke6 36. Rxb7 h5 37. Rb6+ Ke7 38. h4 (38. Kd3 $14 Rc1 39. Ke4) 38... a3 39. bxa3 Rc2+ 40. Kd3 Rg2 $1 {The position is equal.} 41. Kc4 {With the idea Rb3.} Rxg3 42. a4 Rg4 43. a5 Rxf4+ 44. Kb5 {Strongly threatening a6.} Rf5+ 45. Kb4 {aiming for a6.} Rf4+ 46. Kb5 {a6 is the strong threat.} Rf5+ 47. Kb4 {Black must now prevent a6.} Rf4+ {Accuracy: White = 56%, Black = 64%.} 1/2-1/2

[Event "12th Arad Open 2019"]
[Site "Arad"]
[Date "2019.07.25"]
[Round "3.9"]
[White "Czebe, Attila"]
[Black "Barrish, Daniel"]
[Result "0-1"]
[WhiteElo "2436"]
[BlackElo "2237"]
[Annotator "TA"]
[PlyCount "104"]
[EventDate "2019.07.24"]
[EventType "swiss"]
[EventCountry "ROU"]
[SourceTitle "playchess.com"]
[Source "ChessBase"]
[SourceQuality "1"]

{[%evp 9,104,-2,-4,-41,-63,-58,-46,-43,-34,-42,-20,-31,35,20,39,-15,-18,-10,-4,-51,-56,-131,-140,-237,-235,-239,-228,-228,-228,-222,-211,-188,-166,-193,-184,-186,-178,-168,-176,-175,-187,-187,-185,-211,-212,-316,-317,-298,-296,-295,-290,-387,-374,-422,-406,-462,-460,-428,-373,-370,-325,-349,-318,-393,-370,-566,-148,-137,-144,-148,-138,-113,-113,-99,0,0,0,-133,-140,-166,-166,-217,-217,-579,-607,-455,-570,-1006,-927,-4690,-4133,-3046,-2172,-5261,-4818,-4914,-1825]} 1. Nf3 d5 2. d4 Nf6 3. c4 e6 4. Bg5 Bb4+ 5. Nbd2 dxc4 6. Qa4+ {D30: Queen's Gambit Declined: Systems without Nc3} (6. e4 Bxd2+ 7. Nxd2 Qxd4 8. Qc2 Nc6 9. Bxc4 h6 10. Be3 Qd6 11. Bb5 Bd7 12. O-O-O Nb4 13. Bxd7+ Nxd7 {½-½ (56) Mamedyarov,S (2817)-Harikrishna,P (2729) Kolkata 2018}) 6... Nc6 7. e3 Qd5 8. Bxf6 $1 {Black is slightly better.} gxf6 9. Qc2 b5 10. a4 Ba6 (10... Na5 $15 11. axb5 Bd7) 11. Be2 $146 ({Predecessor:} 11. axb5 Bxb5 12. Be2 Bxd2+ 13. Qxd2 O-O {0-1 (26) Sinadinovic,A (2000)-Barle,J (2420) Caorle 1989}) 11... Bxd2+ 12. Qxd2 ({White should play} 12. Nxd2 $14 Nb4 13. Qc3 Nd3+ 14. Bxd3 cxd3 15. O-O) 12... b4 $11 13. O-O Rb8 $36 {[%mdl 2048] White is under pressure.} 14. Qc2 b3 $1 {[%cal Rb3c2]} 15. Qc3 (15. Qd1 $1 $15) 15... Nb4 $17 {[%cal Bc6b4,Bb4a2,Ba2c3][%mdl 32]} 16. Rae1 (16. Kh1 $17 {keeps fighting.}) 16... Na2 $19 17. Qd2 {[#] With the idea e4.} c3 $1 {[%mdl 512]} 18. bxc3 Bxe2 $1 19. Qxe2 Nxc3 20. Qd3 Qa5 21. Rc1 b2 $1 {[%cal Rb2c1]} 22. Rxc3 {Black must now prevent Nd2.} b1=Q $1 {[%cal Rb1d3][%mdl 64] Deflection} 23. Rxb1 Rxb1+ 24. Qxb1 Qxc3 {[%mdl 4096] Endgame KQR-KQN} 25. h3 O-O 26. d5 exd5 27. Qf5 (27. Qb7 $142) 27... Qc1+ 28. Kh2 Qc5 29. Nd4 Qd6+ 30. f4 Kh8 31. Qh5 c5 32. Nb5 Qe7 33. Qxd5 Rd8 34. Qf5 a6 35. Nc3 c4 36. e4 Qe6 {And now ...Qxf5 would win.} 37. Qa5 (37. Qh5 {only move.}) 37... Rd4 $2 (37... Rd3 $19 {and Black stays clearly on top. Hoping for ...Kg7.} 38. Kh1 f5 $1 {[%mdl 512]}) 38. Qc5 $17 {[%cal Rc5f8]} Qd6 $1 {[%cal Rd6c5]} 39. Qc8+ Kg7 40. Qg4+ Kf8 $1 41. Qc8+ Kg7 (41... Qd8 $17 42. Qf5 Ke7 43. Nd5+ Rxd5 44. exd5 Qc7 45. Qe4+ Kd6 46. Qxh7 c3) 42. Qg4+ $11 Kh8 ({Better is} 42... Kh6 $11) 43. Qc8+ $17 Qd8 44. Qxa6 Kg7 $1 {Threatens to win with ...Qd6.} 45. Qb5 (45. Ne2 $142 Qd6 46. Qc8 Rxe4 47. Qg4+ Kf8 48. Qc8+ Re8 49. Qxc4) 45... Qd6 $19 46. Qf5 $2 {[#]} (46. e5 {was the crucial defense.} fxe5 47. Ne2) 46... Qe6 $1 {Black is clearly winning.} 47. Qh5 Rd3 48. Ne2 {intending Ng3.} Qxe4 49. Qg4+ Qg6 50. Qc8 {[#]} c3 $1 51. a5 (51. Nxc3 Qg3+) 51... Re3 52. Qc4 Qd3 {Accuracy: White = 37%, Black = 75%.} (52... c2 $142 53. a6 {[#]} Rxe2 $1 {[%mdl 576] Remove Defender, Promotion} 54. Qxe2 c1=Q) 0-1

[Event "12th Arad Open 2019"]
[Site "Arad"]
[Date "2019.07.25"]
[Round "3.10"]
[White "Vasiesiu, Victor"]
[Black "David, Alexandru-Vasile"]
[Result "1/2-1/2"]
[WhiteElo "2269"]
[BlackElo "2428"]
[Annotator "TA"]
[PlyCount "101"]
[EventDate "2019.07.24"]
[EventType "swiss"]
[EventCountry "ROU"]
[SourceTitle "playchess.com"]
[Source "ChessBase"]
[SourceQuality "1"]

{[%evp 10,101,32,18,37,0,0,21,16,0,34,24,42,3,5,0,0,-22,0,-22,-10,-14,-10,-17,-6,-10,14,0,7,0,0,0,18,0,27,-147,8,-7,-16,0,4,12,11,0,4,-6,0,0,0,-22,-20,-23,-23,-68,-52,-52,0,-75,-75,-75,-75,-76,-76,-170,-120,-113,-120,-126,-117,-112,-99,-244,-147,-318,-304,-318,-316,-396,-280,-471,-420,-718,-677,-1122,-1118,-1011,-1001,-1720,0,0,0,0,0,0]} 1. e4 e5 2. Nf3 Nc6 3. Bc4 Nf6 4. d3 h6 5. O-O d6 6. c3 g5 {C55: Two Knights: 4 d3, 4 d4 exd4 5 e5 and Max Lange Attack} 7. Be3 (7. Nbd2 Bg7 8. Bb3 Nh5 9. Nc4 Nf4 10. Ne3 Be6 11. d4 exd4 12. Nf5 Bxf5 13. exf5 dxc3 14. bxc3 {½-½ (41) Svidler,P (2735)-Vallejo Pons,F (2693) Karlsruhe/Baden Baden 2019}) 7... Bg7 8. Nbd2 O-O 9. Bb3 $146 ({Predecessor:} 9. d4 Qe7 10. Qc2 Kh8 11. dxe5 dxe5 12. b4 b6 13. a4 a5 14. b5 {0-1 (30) Saduakassova,D (2474)-Stefanova,A (2490) Khanty-Mansiysk 2018}) 9... Ne7 10. d4 Ng6 11. dxe5 dxe5 12. Qe2 Qe7 13. Ne1 b6 14. Nd3 Ba6 15. f3 Nf4 16. Bxf4 $1 Bxd3 17. Qxd3 {[#] aiming for Be3.} gxf4 18. Rad1 Rfd8 19. Qb5 a6 20. Qc6 b5 21. a4 Rab8 {And now ...Rb6 would win.} 22. Nb1 $2 (22. Qxa6 $11 bxa4 23. Qxa4) 22... bxa4 $2 ({Black should play} 22... Rb6 $17 23. Rxd8+ Qxd8) 23. Qxa4 Qc5+ 24. Kh1 Qb5 25. Rxd8+ Rxd8 {[%cal Rb5f1]} 26. Qc4 (26. Rg1 {is interesting.} Rb8 27. Nd2 Qxa4 28. Bxa4 Rxb2 29. Nc4) 26... Rb8 $132 {[%mdl 2048] Black is not holding back} 27. Qxb5 axb5 28. Rd1 Bf8 29. Kg1 Bc5+ 30. Kf1 Kf8 31. Na3 Bxa3 32. bxa3 $15 {[%mdl 4096] Endgame KRB-KRN} Ke7 ({Black should try} 32... Ra8 $15) 33. Ke2 (33. a4 $11 {remains equal.}) 33... Ra8 $17 34. Ra1 Nd7 35. Bd5 Ra6 36. Bb7 (36. Bb3 $17 {was necessary.}) 36... Rb6 37. Bc8 {[#]} Nc5 $1 38. Rd1 Rd6 39. Rxd6 Kxd6 {KB-KN} 40. g3 (40. Bg4 $17) 40... Na4 $19 41. Kd2 $2 (41. Kd3 $17) 41... Nb6 42. Bg4 Nc4+ 43. Kd3 Nxa3 44. gxf4 $2 (44. Bh5 fxg3 45. hxg3) 44... exf4 45. Bh5 (45. e5+ $142 Kxe5 46. Bd7) 45... f6 46. Bf7 c5 47. e5+ fxe5 48. Ke4 Nc4 $2 ({Better is} 48... c4 $19 49. Bg6 Nb1) 49. Bxc4 $1 $11 {The position is equal.} bxc4 50. Kf5 Kd5 51. h3 $1 {Accuracy: White = 17%, Black = 64%.} 1/2-1/2

[Event "12th Arad Open 2019"]
[Site "Arad"]
[Date "2019.07.25"]
[Round "3.11"]
[White "Macovei, Andrei"]
[Black "Lyell, Mark"]
[Result "1-0"]
[WhiteElo "2424"]
[BlackElo "2216"]
[Annotator "TA"]
[PlyCount "93"]
[EventDate "2019.07.24"]
[EventType "swiss"]
[EventCountry "ROU"]
[SourceTitle "playchess.com"]
[Source "ChessBase"]
[SourceQuality "1"]

{[%evp 23,93,-5,-16,-13,18,11,44,27,22,33,30,41,33,29,67,61,117,121,177,158,143,140,141,145,144,139,181,156,156,158,154,160,168,168,260,245,250,254,258,205,287,271,292,292,289,291,298,287,283,325,310,295,348,349,388,388,375,359,347,327,5189,5097,29969,29971,6119,6090,29977,29978,29978,29979,29967,6091]} 1. e4 e6 2. d4 d5 3. Nc3 Nf6 4. e5 Nfd7 5. f4 c5 6. Nf3 Nc6 7. Be3 cxd4 8. Nxd4 Bc5 9. Qd2 O-O 10. O-O-O a6 11. Qf2 Bxd4 12. Bxd4 b5 13. Be3 {C11: French: Classical System: 4 e5 and 4 Bg5 dxe4} Bb7 (13... Qa5 14. Kb1 b4 15. Ne2 Qc7 16. Nd4 Nxd4 17. Bxd4 a5 18. Bb5 a4 19. b3 Ba6 20. Bxa4 Rfc8 {1-0 (74) So,W (2808)-Holt,C (2567) chess.com INT 2017}) 14. h4 f6 15. exf6 {White is slightly better.} Nxf6 16. Be2 $146 ({Predecessor:} 16. Bc5 Rf7 17. Bd3 Nd7 18. Be3 Rc8 19. Be2 Nce5 20. Bd4 b4 21. Bxe5 Nxe5 {½-½ (45) Koepke,C (2365)-Kraai,J (2526) Bad Wiessee 2009}) 16... b4 17. Na4 $1 Ne4 18. Qe1 $1 Qa5 19. b3 {[%cal Bb2b3,Bb3a4][%mdl 32] [#] Strongly threatening Bb6.} d4 (19... Qc7 $1 $14) 20. Bxd4 $16 {Bf3 is the strong threat.} Nxd4 ({Much weaker is} 20... Rxf4 $6 21. Bb6 $14) (20... Qc7 $16) 21. Rxd4 $18 {Black must now prevent Bf3.} Nc3 22. Bc4 Nxa4 23. bxa4 Kh8 24. Bb3 ({Not} 24. Qxe6 b3 $11) 24... Rae8 25. Qxb4 Qxb4 26. Rxb4 Bxg2 27. Re1 a5 28. Rd4 Bh3 (28... g6 {might work better.} 29. Rxe6 Rxe6 30. Bxe6 Bc6) 29. Re5 Ra8 30. Bxe6 Bxe6 31. Rxe6 {[%mdl 4096] Endgame KRR-KRR} g6 32. Re5 Rf7 33. Kd2 Kg7 34. c4 Rb7 35. Rb5 Re7 36. c5 Kf7 37. Kd3 Re1 38. Rb7+ Kf6 39. Rd6+ Kf5 40. Rxh7 Rd1+ 41. Kc4 Rxd6 $2 {[#]} (41... Rc1+ 42. Kd4 Rd1+ 43. Ke3 Re8+ 44. Kf3 Rf1+ 45. Kg3 Re3+ 46. Kg2 Rfe1 47. Rf7+ Ke4 48. Re6+ Kd5 49. Rxe3 (49. Rxg6 R1e2+ 50. Kg1 Rxa2 $16) 49... Rxe3) 42. cxd6 {KR-KR} Ke6 43. Kc5 Rc8+ 44. Rc7 Rh8 45. Re7+ {White mates.} Kf6 46. Re1 Rc8+ 47. Kb6 {Accuracy: White = 100%, Black = 26%.} 1-0

[Event "12th Arad Open 2019"]
[Site "Arad"]
[Date "2019.07.25"]
[Round "3.12"]
[White "Zawadzka, Jolanta"]
[Black "Daianu, Cristian-Clement"]
[Result "1-0"]
[WhiteElo "2422"]
[BlackElo "2199"]
[Annotator "TA"]
[PlyCount "119"]
[EventDate "2019.07.24"]
[EventType "swiss"]
[EventCountry "ROU"]
[SourceTitle "playchess.com"]
[Source "ChessBase"]
[SourceQuality "1"]

{[%evp 20,119,58,46,64,39,50,43,81,62,79,82,118,80,72,74,87,73,106,100,97,99,123,123,122,112,116,110,106,107,139,145,230,157,170,174,210,198,205,202,203,170,170,141,166,151,147,142,195,121,173,163,218,217,277,284,304,262,262,251,248,119,206,174,166,173,169,177,175,83,84,56,176,89,98,97,218,216,218,211,217,197,216,146,128,0,0,-174,-174,-174,-170,-182,-182,-181,12,12,1168,1100,29974,29975,29981,29982]} 1. e4 c5 2. Nf3 d6 3. d4 cxd4 4. Nxd4 Nf6 5. f3 e6 6. c4 Nc6 7. Nc3 Be7 8. Be3 O-O 9. Be2 a6 10. O-O Bd7 11. Rc1 Rc8 {B54: Sicilian: 2...d6 3 d4 cxd4 4 Nxd4, Unusual Lines} (11... Qb8 12. Nc2 Rd8 13. Qd2 b5 14. cxb5 axb5 15. Bxb5 d5 16. exd5 Ne5 17. Bxd7 Rxd7 18. Bd4 Nxd5 19. Nxd5 Rxd5 {½-½ (51) Dragun,K (2591)-Aldama Degurnay,D (2432) Chicago 2018}) 12. Kh1 Re8 $146 ({Predecessor:} 12... Ne5 13. b3 Qa5 14. f4 Ng6 15. Qe1 b5 16. b4 Qxb4 17. f5 Ne5 18. Nd5 Nxd5 19. exd5 Qxe1 20. Rfxe1 bxc4 21. fxe6 fxe6 22. Nxe6 Bxe6 23. dxe6 {½-½ (61) Strzemiecki,Z (2314)-Smola,M (2231) Chotowa 2009}) 13. Qd2 Na5 {White is slightly better.} 14. b3 b6 15. Rfd1 Qc7 16. Bf1 Qb8 17. Qf2 Bd8 18. Rc2 {[%cal Bc1c2,Bc2d2,Bd2d5][%mdl 32]} Nc6 19. Nxc6 Bxc6 20. Rcd2 Bc7 21. Bf4 e5 22. Bg5 Nd7 23. Nd5 Bxd5 24. Rxd5 Nf8 25. c5 {[%cal Rc5d6]} h6 (25... Bd8 $16) 26. cxd6 (26. Bxa6 $6 hxg5 27. Bxc8 (27. cxd6 Rcd8 $16) 27... Rxc8) 26... hxg5 27. Bxa6 Bxd6 28. Bxc8 ({But not} 28. Rxd6 $6 Rcd8 $16) 28... Bc5 29. Rxc5 bxc5 30. Bf5 Qb4 31. Qd2 Qa3 32. Qc2 Ra8 33. Rd2 Ra7 (33... g6 $16 {might work better.}) 34. g3 ({White should try} 34. h3 $18) 34... Rc7 (34... Qb4 $16 35. Qc1 g6) 35. Qc4 $1 $18 Qa5 (35... g6 {was necessary.}) 36. Rc2 Qa3 37. Kg2 Rc6 38. Qd5 Qa6 39. Qxe5 c4 40. b4 (40. Qd5 $18 {has better winning chances.}) 40... g6 (40... c3 $16 41. b5 Qa5) 41. Bg4 c3 42. Qxg5 {Strongly threatening b5.} Qa4 43. Qc1 $1 Qxb4 44. h4 (44. Qe3 $18 {and White stays clearly on top.}) 44... Qd4 $16 45. a4 Rc5 (45... Nh7 $14) 46. Kh2 ({Better is} 46. a5 $1 $18) 46... Qd3 47. a5 {[%mdl 64] Deflection} Rxa5 (47... Nh7 $16 {was worth a try.}) 48. Rxc3 $18 Qe2+ 49. Kh3 $1 Ra2 {[%csl Ga2][%cal Re2h2]} 50. Qg1 Qd2 51. Rc1 Nh7 52. f4 (52. Ra1 $16) 52... Nf6 $11 53. Bf3 $2 (53. Rd1 $11 {and White is okay.} Qc3 54. Re1) 53... Qd7+ $1 $19 54. f5 gxf5 55. Rd1 {[#]} Qe6 $1 56. e5 {[#]} Ng4 $2 ({Black should play} 56... Ne4 $1 $19 {[%cal Re4f2] And now ...Nf2+ would win.} 57. Rf1 Rd2) 57. Bd5 $1 $36 {[%cal Rd5e6][%mdl 2048] White has some pressure.} Qxe5 $2 {[%mdl 8192]} (57... Nf2+ $11 58. Qxf2 Rxf2 59. Bxe6 fxe6) 58. Bxa2 $18 Qb2 {[#]} 59. Bxf7+ $1 Kxf7 60. Qa7+ {Accuracy: White = 54%, Black = 32%.} 1-0

[Event "12th Arad Open 2019"]
[Site "Arad"]
[Date "2019.07.25"]
[Round "3.13"]
[White "Martian, Dragos-Daniel"]
[Black "Soltanici, Ruslan"]
[Result "0-1"]
[WhiteElo "2201"]
[BlackElo "2408"]
[Annotator "TA"]
[PlyCount "52"]
[EventDate "2019.07.24"]
[EventType "swiss"]
[EventCountry "ROU"]
[SourceTitle "playchess.com"]
[Source "ChessBase"]
[SourceQuality "1"]

{[%evp 23,130,0,36,20,43,37,47,49,62,10,12,8,17,0,0,-20,-18,-21,-19,-23,-23,-38,-28,-44,-41,-97,0,-97,-95,-177,-141,-134,-135,-212,-212,-204,-193,-188,-191,-210,-205,-191,-190,-237,-199,-484,-484,-469,-475,-435,-423,-404,-381,-409,-395,-485,0,-363,0,-487,-484,-387,-390,-666,-666,-666,-666,-1208,-248,-496,-473,-459,-459,-444,-444,-639,-650,-609,-581,-682,-663,-616,-620,-1059,-1219,-892,-965,-962,-954,-954,-944,-933,-711,-926,-915,-888,-868,-830,-816,-1993,-1527,-6145,-5603,-4914,-3847,-2278,-2071,-29969,-5414]} 1. e4 c5 2. c3 e6 3. d4 d5 4. Nd2 cxd4 5. cxd4 dxe4 6. Nxe4 Bb4+ 7. Nc3 Nf6 8. Nf3 O-O 9. Bd3 b6 10. O-O Bb7 11. a3 Bxc3 12. bxc3 Qc7 13. c4 {E54: Nimzo-Indian: Rubinstein: Main Line: 7...dxc4 8 Bxc4} Nbd7 14. Re1 Rfe8 15. Ne5 {White is slightly better.} Nxe5 16. dxe5 (16. Rxe5 $14 Qc6 17. f3) 16... Qc6 {[%csl Gb7][%cal Rc6g2]} 17. Bf1 $146 ({Predecessor:} 17. f3 Ng4 18. Kf1 Nxh2+ 19. Kf2 Ng4+ 20. Kg3 {0-1 (54) Gonzalez Manchon,J (2069)-Suba,M (2540) Navalmoral 2009}) 17... Red8 18. Qe2 Ne4 19. f3 {[%cal Re2e4]} Nc5 20. Bg5 Rd7 $36 {[%mdl 2048] Black has the initiative.} 21. Rad1 h6 22. Bh4 Ba6 23. Qf2 Nb3 24. Bd3 (24. Rxd7 $15 Qxd7 25. Qe3) 24... Nc5 (24... Bxc4 $17 25. Bxc4 Rxd1 26. Bxb3 Rxe1+ 27. Qxe1 Qc5+ {[%mdl 64] Double Attack} 28. Bf2 Qxa3) 25. Bb1 (25. Bf1 $11 {remains equal.}) 25... Bxc4 $17 26. Bf6 (26. Qe3 $17 {was necessary.}) 26... Rxd1 {Played: Nc5-d3} 0-1